To the Kings Most Excellent Majesty. : The most humble address of the ministers of the word of God in the County of Lincoln, whose names, &c.

Bibliographic Details
Other Authors: Charles II, King of England, 1630-1685
Format: eBook
Language:English
Published: London : Printed for Henry Seile, over against St. Dunstans Church, [1660]
Series:Early English books online.
Subjects:
Online Access:Connect to the full text of this electronic book

MARC

Tag First Indicator Second Indicator Subfields
LEADER 00000nam a2200000Ia 4500
001 in00004310607
005 20200810092214.0
006 m g d
007 cr bn |||a|bb|
008 991222s1660 enk o 00| | eng d
035 |a (OCoLC)43077690 
040 |a EAE  |c EAE  |e dcrb  |d WaOLN 
037 |a CL0037000092  |b ProQuest Information and Learning. 300 N. Zeeb Rd., Ann Arbor, MI 48106 
043 |a e-uk---  |a e-uk-en 
090 |a DA430  |b .T6 
049 |a UMIA 
245 0 0 |a To the Kings Most Excellent Majesty. :  |b The most humble address of the ministers of the word of God in the County of Lincoln, whose names, &c. 
260 |a London :  |b Printed for Henry Seile, over against St. Dunstans Church,  |c [1660] 
300 |a 1 online resource (1 sheet ([1] pages) 
336 |a text  |b txt  |2 rdacontent 
337 |a computer  |b c  |2 rdamedia 
338 |a online resource  |b cr  |2 rdacarrier 
500 |a Date of publication suggested by Wing. 
500 |a Reproduction of original in: William Andrews Clark Memorial Library, University of California, Los Angeles, California. 
510 4 |a Wing (2nd edition)  |c T1551A 
533 |a Electronic reproduction.  |b Ann Arbor, Mich. :  |c UMI,  |d 1999-  |f (Early English books online)  |n Digital version of: (Early English Books, 1641-1700 ; 2277:13)  |7 s1999 miun s 
651 0 |a Great Britain  |x History  |y Restoration, 1660-1688  |v Sources. 
651 0 |a Lincoln (England)  |x History  |y Restoration, 1660-1688. 
655 7 |a Broadsides  |z London (England)  |y 17th century.  |2 rbgenr 
700 0 |a Charles  |b II,  |c King of England,  |d 1630-1685. 
830 0 |a Early English books online. 
856 4 0 |u http://proxy.library.tamu.edu/login?url=https://search.proquest.com/docview/2240869579  |z Connect to the full text of this electronic book  |t 0 
999 f f |s 63f234c1-905b-3d3f-b8a8-9675f476b250  |i 00fb5a72-4309-36ea-8611-31ab44421e3c  |t 0 
952 f f |a Texas A&M University  |b College Station  |c Electronic Resources  |d Available Online  |t 0  |e DA430 .T6  |h Library of Congress classification 
998 f f |a DA430 .T6  |t 0  |l Available Online